東武鉄道の乗降客数ランキング - Statistics

General Stats
  • This quiz has been taken 15 times
  • The average score is 36 of 204
Answer Stats
何位か 路線 Answer % Correct
1位 東上線 池袋
100%
2位 伊勢崎線 北千住
100%
3位 東上線 和光市
93%
5位 野田線
93%
7位 野田線 大宮
86%
8位 東上線 川越
86%
4位 東上線 朝霞台
79%
6位 伊勢崎線 新越谷
79%
9位 野田線 船橋
79%
10位 伊勢崎線 押上
71%
11 東上線 志木
57%
15 野田線 流山おおたかの森
57%
16 複数路線 春日部
57%
18 東上線 ふじみ野
57%
12 伊勢崎線 草加
50%
13 伊勢崎線 竹ノ塚
50%
14 東上線 朝霞
50%
17 複数路線 西新井
50%
20 東上線 東武練馬
43%
19 伊勢崎線 獨協大学前
36%
21 東上線 成増
36%
22 東上線 上福岡
36%
28 東上線 鶴瀬
36%
37 野田線 岩槻
36%
46 亀戸線 亀戸
36%
79 大師線 大師前
36%
23 東上線 上板橋
29%
24 伊勢崎線 せんげん台
29%
25 東上線 大山
29%
27 伊勢崎線 越谷
29%
30 野田線 新鎌ケ谷
29%
31 東上線 ときわ台
29%
32 東上線 川越市
29%
33 東上線 みずほ台
29%
38 東上線 若葉
29%
41 複数路線 曳舟
29%
47 東上線 新河岸
29%
57 野田線 初石
29%
99 野田線 大宮公園
29%
26 伊勢崎線 北越谷
21%
29 伊勢崎線 久喜
21%
34 伊勢崎線 谷塚
21%
35 伊勢崎線 五反野
21%
36 伊勢崎線 梅島
21%
39 東上線 鶴ケ島
21%
40 伊勢崎線 浅草
21%
42 伊勢崎線 新田
21%
43 複数路線 東武動物公園
21%
44 東上線 中板橋
21%
45 東上線 東松山
21%
49 東上線 霞ケ関
21%
50 東上線 高坂
21%
53 野田線 運河
21%
54 野田線 新柏
21%
55 伊勢崎線 牛田
21%
56 野田線 東岩槻
21%
59 東上線 北坂戸
21%
60 野田線 大和田
21%
61 東上線 柳瀬川
21%
64 伊勢崎線 蒲生
21%
66 東上線 下板橋
21%
70 野田線 豊四季
21%
72 東上線 下赤塚
21%
73 伊勢崎線 武里
21%
75 野田線 南桜井
21%
82 東上線 森林公園
21%
83 越生線 川角
21%
86 野田線 豊春
21%
87 亀戸線 小村井
21%
89 東上線 北池袋
21%
90 野田線 八木崎
21%
98 野田線 野田市
21%
100 宇都宮線 東武宇都宮
21%
101 亀戸線 東あずま
21%
102 東上線 小川町
21%
104 野田線 七光台
21%
105 野田線 藤の牛島
21%
107 野田線 北大宮
21%
108 東上線 武蔵嵐山
21%
112 東上線 つきのわ
21%
114 越生線 東毛呂
21%
116 亀戸線 亀戸水神
21%
117 越生線 一本松
21%
119 越生線 武州長瀬
21%
120 越生線 西大家
21%
123 東上線 寄居
21%
139 東上線 みなみ寄居
21%
145 東上線 男衾
21%
164 東上線 鉢形
21%
169 東上線 東武竹沢
21%
179 東上線 玉淀
21%
48 野田線 馬込沢
14%
51 野田線 江戸川台
14%
52 野田線 鎌ケ谷
14%
58 伊勢崎線 東向島
14%
62 野田線 塚田
14%
63 伊勢崎線 大袋
14%
65 伊勢崎線 一ノ割
14%
67 伊勢崎線 とうきょうスカイツリー
14%
68 野田線 高柳
14%
69 野田線 川間
14%
71 野田線 梅郷
14%
74 野田線 新船橋
14%
76 野田線 逆井
14%
77 伊勢崎線 鐘ケ淵
14%
78 野田線 六実
14%
81 野田線 増尾
14%
85 伊勢崎線 羽生
14%
91 野田線 愛宕
14%
97 伊勢崎線 北春日部
14%
106 伊勢崎線 伊勢崎
14%
113 野田線 清水公園
14%
125 佐野線 佐野
14%
127 越生線 越生
14%
129 越生線 武州唐沢
14%
131 鬼怒川線 鬼怒川温泉
14%
148 小泉線 西小泉
14%
149 小泉線 東小泉
14%
185 鬼怒川線 東武ワールドスクウェア
14%
195 鬼怒川線 鬼怒川公園
14%
80 伊勢崎線 加須
7%
84 日光線 幸手
7%
88 複数路線 太田
7%
92 複数路線 館林
7%
93 日光線 杉戸高野台
7%
94 日光線 栗橋
7%
95 日光線 栃木
7%
96 伊勢崎線 花崎
7%
103 日光線 南栗橋
7%
109 伊勢崎線 小菅
7%
110 伊勢崎線 鷲宮
7%
111 伊勢崎線 足利市
7%
115 伊勢崎線 姫宮
7%
121 日光線 東武日光
7%
126 複数路線 新栃木
7%
136 複数路線 下今市
7%
178 鬼怒川線 新藤原
7%
187 小泉線 小泉町
7%
194 鬼怒川線 新高徳
7%
197 鬼怒川線 大谷向
7%
202 日光線 上今市
7%
204 日光線 板荷
7%
118 伊勢崎線 堀切
0%
122 伊勢崎線 和戸
0%
124 伊勢崎線 南羽生
0%
128 日光線 新鹿沼
0%
130 野田線 川俣
0%
132 伊勢崎線 細谷
0%
133 日光線 新大平下
0%
134 宇都宮線 おもちゃのまち
0%
135 宇都宮線 西川田
0%
137 伊勢崎線 木崎
0%
138 伊勢崎線 韮川
0%
140 宇都宮線 壬生
0%
141 伊勢崎線 板倉東洋大前
0%
142 桐生線 新桐生
0%
143 宇都宮線 江曽島
0%
144 伊勢崎線 剛志
0%
146 伊勢崎線 境町
0%
147 伊勢崎線 茂林寺前
0%
150 日光線 藤岡
0%
151 日光線 新古河
0%
152 宇都宮線 安塚
0%
153 伊勢崎線 新伊勢崎
0%
154 日光線 静和
0%
155 宇都宮線 南宇都宮
0%
156 桐生線 藪塚
0%
157 日光線 柳生
0%
158 桐生線 赤城
0%
159 宇都宮線 野州平川
0%
160 伊勢崎線 野州山辺
0%
161 宇都宮線 国谷
0%
162 佐野線 田沼
0%
163 小泉線 本中野
0%
165 伊勢崎線 東武和泉
0%
166 伊勢崎線 福居
0%
167 桐生線 相生
0%
168 小泉線 成島
0%
170 佐野線 葛生
0%
171 桐生線 三枚橋
0%
172 伊勢崎線
0%
173 佐野線 佐野市
0%
174 小泉線 竜舞
0%
175 桐生線 治良門橋
0%
176 佐野線 吉水
0%
177 伊勢崎線 多々良
0%
180 桐生線 阿佐美
0%
181 日光線 樅山
0%
182 伊勢崎線 世良田
0%
183 佐野線 堀米
0%
183 宇都宮線 野州大塚
0%
186 日光線 東武金崎
0%
188 日光線 家中
0%
189 日光線 合戦場
0%
190 佐野線 渡瀬
0%
191 桐生線 篠塚
0%
192 日光線 楡木
0%
192 日光線 明神
0%
196 日光線 下小代
0%
198 佐野線 多田
0%
199 鬼怒川線 大桑
0%
200 鬼怒川線 小佐越
0%
201 日光線 北鹿沼
0%
203 佐野線 田島
0%
No matching quizzes found
Score Distribution
Percent of People with Each Score
Percentile by Number Answered
Your Score History
You have not taken this quiz